Top 15 NBA Leaders in Steals - Statistics

General Stats
  • This quiz has been taken 15 times
  • The average score is 11 of 15
Answer Stats
# Team+Pos Answer % Correct
5. Thunder/Supersonics - PG Gary Payton
100%
3. Nets - PG Jason Kidd
100%
1. Jazz - PG John Stockton
100%
4. Bulls - SG Michael Jordan
100%
2. Pelicans/Hornets - PG Chris Paul
92%
8. Bulls - SF Scottie Pippen
92%
15. 76ers - PG Allen Iverson
85%
10. Rockets - C Hakeem Olajuwon
85%
6. Heat - SF LeBron James
85%
14. Thunder - PG Russell Westbrook
85%
9. Trailblazers - SG Clyde Drexler
77%
12. Jazz - PF Karl Malone
69%
7. 76ers - PG Maurice Cheeks
38%
11. Spurs - SG Alvin Robertson
15%
13. Hawks - PG Mookie Blaylock
15%
No matching quizzes found
Score Distribution
Percent of People with Each Score
Percentile by Number Answered
Your Score History
You have not taken this quiz